| 000 | 01068cam a2200289 a 4500 | ||
|---|---|---|---|
| 001 | 13500196 | ||
| 003 | NUST-PNEC | ||
| 005 | 20170116180703.0 | ||
| 008 | 040224s2010 njua 001 0 eng | ||
| 010 | _a 2009278794 | ||
| 020 | _a9780136077916 | ||
| 020 | _a0136077919 | ||
| 040 |
_aDLC _cPNEC _dDLC |
||
| 050 | 0 | 0 |
_aTA352 _b.H5 2010 |
| 082 | 0 | 0 | _a620.104 HIB |
| 100 | 1 | _aHibbeler, R. C. | |
| 245 | 1 | 0 |
_aEngineering mechanics. _pPNECDynamics / _cR.C. Hibbeler. |
| 250 | _a12th ed. | ||
| 260 |
_aUpper Saddle River, NJ : _bPrentice Hall, _cc2010. |
||
| 300 |
_axv, 732 p. : _bcol. ill. ; _c25 cm. |
||
| 500 | _aIncludes index. www.amazon.com/Engineering-Mechanics-Dynamics-Russell-Hibbeler/dp/0136077919/ref=sr_1_1?s=books&ie=UTF8&qid=1410596999&sr=1-1&keywords=0136077919 | ||
| 650 | 0 |
_aDynamics. _xME |
|
| 906 |
_a7 _bcbc _corigcop _d2 _encip _f20 _gy-gencatlg |
||
| 942 |
_2ddc _cBK |
||
| 999 |
_c60624 _d60624 |
||